MARC details
| 000 -CABECERA |
| campo de control de longitud fija |
02292cam a2200373 i 4500 |
| 001 - NÚMERO DE CONTROL |
| campo de control |
10105588 |
| 003 - IDENTIFICADOR DEL NÚMERO DE CONTROL |
| campo de control |
CaAEU |
| 005 - FECHA Y HORA DE LA ÚLTIMA TRANSACCIÓN |
| campo de control |
20251124110436.0 |
| 008 - DATOS DE LONGITUD FIJA--INFORMACIÓN GENERAL |
| campo de control de longitud fija |
211013t20222022enk e b 001 0 eng d |
| 015 ## - NÚMERO DE BIBLIOGRAFÍA NACIONAL |
| Número de bibliografía nacional |
GBC218510 |
| Fuente |
bnb |
| 016 7# - NÚMERO DE CONTROL DE UNA AGENCIA BIBLIOGRÁFICA NACIONAL |
| Número de control del registro |
020481636 |
| Fuente |
Uk |
| 020 ## - NÚMERO INTERNACIONAL ESTÁNDAR DEL LIBRO |
| Número Internacional Estándar del Libro |
9781399400657 |
| 035 ## - NÚMERO DE CONTROL DEL SISTEMA |
| Número de control de sistema |
on1308597449 |
| 039 ## - NIVEL DE CONTROL BIBLIOGRÁFICO Y DETALLES DE CODIFICACIÓN [OBSOLETO] |
| Nivel de reglas en descripción bibliográfica |
exclude |
| 040 ## - FUENTE DE LA CATALOGACIÓN |
| Centro catalogador/agencia de origen |
UKMGB |
| Lengua de catalogación |
eng |
| Normas de descripción |
rda |
| Centro/agencia transcriptor |
UKMGB |
| Centro/agencia modificador |
OCLCO |
| -- |
UKMGB |
| -- |
OCLCF |
| -- |
IEB |
| -- |
GL4 |
| -- |
OQX |
| -- |
SISPL |
| -- |
VP@ |
| -- |
YDX |
| -- |
IMT |
| -- |
IAD |
| -- |
CANPU |
| -- |
CDX |
| -- |
AEVC |
| 041 ## - CÓDIGO DE LENGUA |
| Código de lengua del texto/banda sonora o título independiente |
eng |
| 050 #4 - SIGNATURA TOPOGRÁFICA DE LA BIBLIOTECA DEL CONGRESO |
| Número de clasificación |
HF5383 |
| Número de documento/Ítem |
.G48 2022 |
| 245 00 - MENCIÓN DE TÍTULO |
| Título |
Get that job |
| Resto del título |
: CVs and resumes : how to make sure you stand out from the crowd. |
| 246 30 - FORMA VARIANTE DE TÍTULO |
| Título propio/Titulo breve |
CVs and resumes |
| 246 3# - FORMA VARIANTE DE TÍTULO |
| Título propio/Titulo breve |
Curriculum vitae and resumes |
| 250 ## - MENCIÓN DE EDICIÓN |
| Mención de edición |
Revised and updated edition. |
| 260 ## - PUBLICACIÓN, DISTRIBUCIÓN, ETC. |
| Lugar de publicación, distribución, etc. |
London ; |
| -- |
New York, NY : |
| Nombre del editor, distribuidor, etc. |
Bloomsbury Business, |
| Fecha de publicación, distribución, etc. |
2022. |
| 300 ## - DESCRIPCIÓN FÍSICA |
| Extensión |
95 pages ; |
| Dimensiones |
18 cm. |
| 490 ## - MENCIÓN DE SERIE |
| Mención de serie |
Business essentials |
| 500 ## - NOTA GENERAL |
| Nota general |
Previously published in 2004 and 2009. |
| 504 ## - NOTA DE BIBLIOGRAFÍA, ETC. |
| Nota de bibliografía, etc. |
Includes bibliographical references and index. |
| 505 0# - NOTA DE CONTENIDO CON FORMATO |
| Nota de contenido con formato |
Assess yourself — Identifying your goals and your key skills — Preparing difference types of CV — Winning with your DV — Making an impact with your covering letter — Researching the job market — Choosing the right first job — Example functional CV — Example speculative chronological CV — Where to find more help. |
| 520 ## - SUMARIO, ETC. |
| Sumario, etc. |
The ultimate guide to marketing yourself in a CV or resume, and ensuring you make a professional impression in any job search.<br/><br/>The job market has never been more competitive, and marketing yourself can be tricky. And nothing raises a red flag for an employer than a poorly-written or badly-presented CV or resume. This handy guide offers practical, step-by-step advice on preparing, writing, and presenting an impressive document - either on paper or online - that will help you to 'get your foot in the door' with prospective employers.<br/><br/>Covering essential issues such as identifying your goals, creating different types of CV, or coming up with a fantastic and persuasive letter to go with them, this is a must-read for job hunters at any stage of their career. |
| 650 #0 - PUNTO DE ACCESO ADICIONAL DE MATERIA--TÉRMINO DE MATERIA |
| Término de materia o nombre geográfico como elemento de entrada |
Résumés (Employment) |
| 9 (RLIN) |
6732 |
| 650 #0 - PUNTO DE ACCESO ADICIONAL DE MATERIA--TÉRMINO DE MATERIA |
| Término de materia o nombre geográfico como elemento de entrada |
Job hunting |
| 9 (RLIN) |
1762 |
| 650 #0 - PUNTO DE ACCESO ADICIONAL DE MATERIA--TÉRMINO DE MATERIA |
| Término de materia o nombre geográfico como elemento de entrada |
Curriculum vitae |
| 9 (RLIN) |
928 |
| 710 ## - ENTRADA AGREGADA--NOMBRE DE ENTIDAD CORPORATIVA |
| Nombre de entidad corporativa o nombre de jurisdicción como elemento de entrada |
Bloomsbury (Firm) |
| Término indicativo de función/relación |
publisher |
| 9 (RLIN) |
26264 |
| 942 ## - ELEMENTOS DE ENTRADA AGREGADA (KOHA) |
| Fuente del sistema de clasificación o colocación |
Clasificación de Library of Congress |